|
|
|
|
| LEADER |
02142nam a2200601 i 4500 |
| 001 |
nkc20233508627 |
| 003 |
CZ PrNK |
| 005 |
20230502080614.0 |
| 007 |
ta |
| 008 |
230323s2023 xr a g f 000 0 cze |
| 015 |
|
|
|a cnb003508627
|
| 020 |
|
|
|a 978-80-7413-528-6
|q (brožováno) :
|c Kč 369,00
|
| 035 |
|
|
|a (OCoLC)1378696034
|
| 040 |
|
|
|a BOA001
|b cze
|d ABA001
|e rda
|
| 041 |
1 |
|
|a cze
|h eng
|
| 072 |
|
7 |
|a 74
|x Kresba. Umělecká řemesla
|2 Konspekt
|9 21
|
| 080 |
|
|
|a 741
|2 MRF
|
| 080 |
|
|
|a 741.02
|2 MRF
|
| 080 |
|
|
|a 636.7
|2 MRF
|
| 080 |
|
|
|a 636.8
|2 MRF
|
| 080 |
|
|
|a 7.04
|2 MRF
|
| 080 |
|
|
|a (035)
|2 MRF
|
| 100 |
1 |
|
|a Hart, Christopher,
|d 1957-
|7 jx20060225018
|4 aut
|4 ill
|
| 240 |
1 |
0 |
|a How to draw dogs & cats from simple templates.
|l Česky
|
| 245 |
1 |
0 |
|a Naučte se kreslit kočky a psy :
|b jednoduché návody krok za krokem /
|c Christopher Hart ; překlad: Eliška Škorpíková
|
| 250 |
|
|
|a Vydání první
|
| 264 |
|
1 |
|a Brno :
|b Zoner Press,
|c 2023
|
| 300 |
|
|
|a 143 stran :
|b ilustrace (některé barevné) ;
|c 28 cm
|
| 336 |
|
|
|a text
|b txt
|2 rdacontent
|
| 336 |
|
|
|a statický obraz
|b sti
|2 rdacontent
|
| 337 |
|
|
|a bez média
|b n
|2 rdamedia
|
| 338 |
|
|
|a svazek
|b nc
|2 rdacarrier
|
| 500 |
|
|
|a Přeloženo z angličtiny
|
| 650 |
0 |
7 |
|a kreslení
|7 ph121945
|2 czenas
|
| 650 |
0 |
7 |
|a kreslířské techniky
|7 ph135189
|2 czenas
|
| 650 |
0 |
7 |
|a psi
|7 ph115940
|2 czenas
|
| 650 |
0 |
7 |
|a kočky
|7 ph115000
|2 czenas
|
| 650 |
0 |
7 |
|a umělecké náměty
|7 ph138227
|2 czenas
|
| 650 |
0 |
9 |
|a drawing
|2 eczenas
|
| 650 |
0 |
9 |
|a drawing techniques
|2 eczenas
|
| 650 |
0 |
9 |
|a dogs
|2 eczenas
|
| 650 |
0 |
9 |
|a cats
|2 eczenas
|
| 650 |
0 |
9 |
|a artistic themes
|2 eczenas
|
| 655 |
|
7 |
|a příručky
|7 fd133209
|2 czenas
|
| 655 |
|
9 |
|a handbooks and manuals
|2 eczenas
|
| 700 |
1 |
|
|a Škorpíková, Eliška,
|d 1996-
|7 xx0300723
|4 trl
|
| 910 |
2 |
|
|a BOA001
|b 3-1505.641
|
| 928 |
9 |
|
|a Zoner software
|
| 990 |
|
|
|a BK
|
| 995 |
|
|
|a 01
|
| 991 |
|
|
|b 202304
|c NOV
|
| 996 |
6 |
|
|b 2610936520
|c 3-1505.641
|l MZK
|r Sklad / do 1 hodiny
|n 0
|p p.v.
|w 001921874
|u 000010
|a 1
|e BOA001
|j MZK50
|s P
|
| 996 |
7 |
|
|b 2610936521
|c 3-1505.641
|l MZK
|r Sklad / do 1 hodiny
|n 2
|p p.v.
|w 001921874
|u 000020
|a 1
|e BOA001
|j MZK50
|s A
|